Normal view
MARC view
Entry Personal Name
001 - CONTROL NUMBER
- control field: 26333
003 - CONTROL NUMBER IDENTIFIER
- control field:
005 - DATE AND TIME OF LATEST TRANSACTION
- control field: 20260312074152.0
008 - FIXED-LENGTH DATA ELEMENTS
- fixed length control field: 260312|| aca||aabn | a|a d
040 ## - CATALOGING SOURCE
- Original cataloging agency:
- Transcribing agency:
100 ## - HEADING--PERSONAL NAME
- Personal name: Mishra.P.K
670 ## - SOURCE DATA FOUND
- Source citation: Work cat.: ()1911: Lomash, Sukul. 4016, Business policy and strategic management/, 2003.